000 01248cam a22003011 4500
001 sd 60000004
003 DLC
005 20260227112736.0
008 920417s1960 dcu f000 0 eng c
010 _asd 60000004
035 _a(OCoLC)25667655
040 _aU.S. Dept. of State. Library
_cDS
_dDS
_dDLC
050 0 0 _aE183.8.R9
_bE4
082 _a327.73047
100 1 _aEisenhower, Dwight D.
_q(Dwight David),
_d1890-1969.
245 1 0 _aPresident Eisenhower's report to the Nation, May 25, 1960.
_bSecretary Herter's report to the Senate Foreign Relations Committee, May 27, 1960.
260 _a[Washington,
_bDept. of State,
_c1960]
300 _a25 p.
_c23 cm.
490 1 _a[U.S.] Dept. of State. Publication
_v7010
490 1 _aGeneral foreign policy series,
_v151
651 0 _aUnited States
_xRelations
_zSoviet Union.
651 0 _aSoviet Union
_xRelations
_zUnited States.
650 0 _aU-2 Incident, 1960.
650 0 _aWorld politics
_y1955-1965.
700 1 2 _aHerter, Christian Archibald,
_d1895-1966.
_tSecretary Herter's report to the Senate Foreign Relations Committee, May 27, 1960.
830 0 _aDepartment of State publication ;
_v7010.
830 0 _aDepartment of State publication.
_pGeneral foreign policy series ;
_v151.
999 _c90077
_d90077